[Event "FIDE-Wch k.o."]
[Site "Las Vegas"]
[Date "1999.08.12"]
[Round "5.1"]
[White "Khalifman, Alexander"]
[Black "Polgar, Judit"]
[Result "1-0"]
[WhiteElo "2628"]
[BlackElo "2671"]
[Annotator "Knaak,R"]
[PlyCount "87"]
[EventDate "1999.07.31"]
[EventType "k.o."]
[EventRounds "7"]
[EventCountry "USA"]
[SourceTitle "100 Jahre Schach"]
[Source "ChessBase"]
[SourceDate "2000.04.19"]
[SourceVersion "1"]
[SourceVersionDate "2000.04.19"]
[SourceQuality "1"]

{Die Partie ist eine Glanzleistung Khalifmans, der damit seine bis dato
negative Bilanz gegen Polgar ausgeglichen hat.} 1. Nf3 Nf6 2. c4 e6 {Polgar
hat früher fast nur Königsindisch gespielt, doch auf sehr hohem Niveau hat man
es mit dieser Eröffnung wahrlich nicht leicht.} 3. d4 d5 4. Nc3 dxc4 {Von nun
an hat Schwarz wenig Spielraum.} 5. e4 Bb4 6. Bg5 c5 7. Bxc4 cxd4 8. Nxd4 Bxc3+
9. bxc3 Qa5 10. Bb5+ Bd7 11. Bxf6 gxf6 ({Auch nach} 11... Qxc3+ 12. Kf1 gxf6
13. h4 {bestimmt Weiß das Spiel.}) 12. Qb3 a6 13. Be2 Nc6 14. O-O Qc7 15. Rab1
Na5 16. Qa3 Rc8 17. c4 Qc5 ({Die Annahme des Bauernopfers durch} 17... Nxc4 18.
Bxc4 Qxc4 19. Rfd1 {führt zu sehr angenehmen Spiel für Weiß.}) 18. Qc3 e5 ({
Auch nach} 18... Nxc4 19. Rxb7 Nd6 20. Qxc5 Rxc5 21. Ra7 Nxe4 22. Bxa6 {
besitzt Weiß eine hoch überlegene Stellung.}) ({Doch nach} 18... Ke7 $1 19. Kh1
{und erst jetzt} e5 {hatte es Weiß in der Partie Van Wely-Rustemov (Polanica
Zdroj 1999) nicht leicht Vorteil nachzuweisen. Diese Partie wurde genau eine
Woche nach Khalifman-Polgar gespielt.}) 19. Nb3 Nxb3 20. axb3 {Die geschwächte
schwarze Bauernstruktur gibt Weiß einen kleinen, aber lang anhaltenden Vorteil.
} a5 21. Rfd1 Be6 22. h3 $1 {Die Idee mit dem nachfolgenden Bg4 ist sehr stark;
der Be6 wird abgetauscht, denn er gibt der schwarzen Stellung einigen Halt.}
O-O (22... Ke7 $5 {(Ribli) schaut etwas besser aus. Der Meinung = kann ich
mich jedoch nicht anschließen. Nach} 23. Bg4 {sind doch die Schwächen im
schwarzen Lager unübershebar.}) 23. Qg3+ Kh8 24. Qh4 Qe7 25. Bg4 $1 Rg8 ({Auf} 
25... Rcd8 {kann} 26. Rd5 $1 {folgen, denn der Läufer e6 muss die
Eventualdrohung Lg4-f5 parieren.}) 26. Rd3 Rg5 ({Auch nach} 26... Rcd8 27. Rbd1
Rxd3 28. Rxd3 Rd8 29. Rf3 {sieht Khalifman Weiß deutlich im Vorteil, denn
Schwarz kann bestenfalls ein Turmpaar abtauschen und bleibt auf den Schwächen
am Königsflügel sitzen.}) 27. Bxe6 Qxe6 (27... fxe6 {würde die Struktur etwas
verbessern, doch nach} 28. Rbd1 {hätte Schwarz neue Sorgen mit der 7. Reihe.})
28. Rbd1 Rcg8 29. Rd6 $1 Qc8 (29... Rxg2+ 30. Kf1 Qe7 31. Rd7) 30. g3 Kg7 31.
R1d5 h6 $2 {[#]} ({Mit} 31... Rg6 {ließ sich längerer Widerstand leisten.}) 32.
Rxe5 $1 {Solche kleinen Tricks beherrscht Judit Polgar eigentlich aus dem ff,
doch eben als die Aktive.} Rd8 (32... fxe5 33. Qxh6#) (32... Rxe5 33. Qxf6+ Kf8
34. Qxe5) 33. Red5 Rxd6 34. Rxd6 Rg6 35. Qf4 a4 36. bxa4 Qxc4 37. Rd8 Qc3 38.
Kg2 Qb4 39. Ra8 h5 40. Qb8 $1 Qxe4+ 41. Kh2 Rg5 42. Qh8+ Kg6 43. Rg8+ Kf5 44.
Qh7+ 1-0

[Event "FIDE-Wch k.o."]
[Site "Las Vegas"]
[Date "1999.08.13"]
[Round "5.2"]
[White "Polgar, Judit"]
[Black "Khalifman, Alexander"]
[Result "1/2-1/2"]
[WhiteElo "2671"]
[BlackElo "2628"]
[Annotator "Dautov,R"]
[PlyCount "83"]
[EventDate "1999.07.31"]
[EventType "k.o."]
[EventRounds "7"]
[EventCountry "USA"]
[SourceTitle "CBM 072"]
[Source "ChessBase"]
[SourceDate "1999.10.01"]
[SourceVersion "1"]
[SourceVersionDate "1999.10.01"]
[SourceQuality "1"]

1. e4 {Lukacs} c6 2. d4 d5 3. Nc3 dxe4 4. Nxe4 Bf5 5. Ng3 Bg6 6. f4 {Lukacs:
'From time to time this aggressive plan attracts the attacking players, who
want to avoid the solid positional main lines.'} (6. h4 {Lukacs is the popular
main line.}) 6... e6 7. Nf3 {Lukacs: 'White has an enormous pressure on e5,
but after the inevitable c6-c5 sometimes he regrets the weakening of the g1-a7
/^.'} Bd6 8. Be2 $146 {Lukacs: 'White wants to keep his B, although the B on
g6 is well-posted.'} (8. Bd3 Ne7 9. O-O Nd7 10. Kh1 (10. Ne5 {Lukacs} Qb6 $6 (
10... Qc7 {is the usual plan.}) 11. Nc4 Qc7 12. Bxg6 hxg6 13. Ne4 Nc8 {Now the
N is badly placed here.} 14. a4 Be7 15. b3 {in order to activate the B on the
a3-f8 /^.} Nd6 16. Ncxd6+ Bxd6 17. Nxd6+ Qxd6 18. Ba3 Qc7 19. Qd2 $14 {and
suddenly the B becomes strong, Socko-Burmakin, Pardubice op 1993.}) (10. Ne4
Bc7 {and it is not easy for White to go ahead.}) 10... Qc7 11. Ne5 Rd8 {
Lukacs: 'c6-c5 will come soon.'} 12. Qe2 Bxd3 13. Nxd3 O-O 14. Bd2 c5 15. Ne4
Nf5 $11 {Marshall,F-Capablanca,J/New York 1927} (15... Nf5 16. dxc5 Nxc5 $11 {
and it is time to regret f4, Marshall-Capablanca, New York 1927.})) (8. Bc4 Ne7
9. O-O Nd7 10. Ne5 Nf6 11. c3 Qc7 {Lukacs: 'It is not easy for White to
continue his march ahead because Black can fully blockade the light squares.'}
12. Qe2 O-O 13. Be3 c5 {Lukacs: 'Soon or later this comes, and White's [+]
becomes shaky.'} 14. dxc5 Bxc5 15. Bxc5 Qxc5+ 16. Kh1 Rad8 $11 {Stoltz,G-Flohr,
S/Bled 1931 Lukacs: 'Stoltz-Flohr, Bled 1931'}) 8... Ne7 (8... Nd7 {Lukacs} 9.
O-O Qc7 10. Ne5 Ne7 11. c3 (11. h4 $6 {is illogical, when White has already
castled >>.} O-O-O 12. Qe1 (12. h5 $4 {is only a dream, because after} Nxe5 13.
fxe5 Bxe5 $19 {White has to wake up.}) 12... f6 13. Nd3 Nf5)) 9. Ne5 $2 {
Ein grober Fehler im Sinne des Spiels auf Gewinn (J.Polgar lag mit 0:1 zurück
und mußte diese Partie unbedingt gewinnen, um auszugleichen). Schwarz kann nun
direkt ins Endspiel übergehen, ein Partiestadium, das Judith bekannterweise
nicht liegt.} (9. O-O Nd7 10. Ne5 Nf6 $11 {mit einem ausgeglichenen, aber
komplizierten Spiel hätte Judit sicherlich besser geschmeckt.}) 9... Bxe5 {
'=!' Lukacs.} (9... O-O {Lukacs} 10. Nxg6 hxg6 (10... Nxg6 11. O-O {/\ f5}) 11.
Ne4 {keeping the ^^ can slightly be better for White.}) (9... Nd7 {Lukacs} 10.
O-O) 10. fxe5 (10. dxe5 Qxd1+ 11. Bxd1 (11. Kxd1 {Lukacs doesn't look nice.}
Na6 $1 12. Bxa6 bxa6 $11) 11... Na6 {'!' Lukacs. Lukacs: '/\ Nb4 >< c2'} 12.
Bd2 O-O-O $11) 10... c5 $1 11. dxc5 (11. c3 $2 cxd4 12. cxd4 Nbc6 {'=/+'
Lukacs. Lukacs: 'leaves White with a perfectly blockaded isolated P.'} 13. Be3
Nd5 $17) 11... Qxd1+ ({Eine gute Alternative bestand in} 11... Qa5+ 12. c3 Qxc5
13. Qd6 Nd7 $11 ({aber nicht} 13... Qxd6 $2 14. exd6 Nc8 15. Bf4 $16 {/\0-0-0})
) 12. Bxd1 (12. Kxd1 {Lukacs is again not impressive because of} Nd7) 12... Na6
(12... Nd7 $2 {Lukacs allows} 13. b4 $1 Nxe5 14. Bb2 {and White's << P
majority and his ^^ in the opened position secure her the better chances.}) 13.
O-O (13. Be3 Nb4 (13... Nd5 {Lukacs} 14. Bd4 Ndb4 15. Rc1 O-O-O $44) 14. O-O (
14. Kd2 $2 Rd8+ 15. Kc1 Rxd1+ $1 16. Rxd1 Nxc2 $15) 14... Nxc2 15. Bxc2 Bxc2
$11) 13... Nxc5 14. Bf3 Nc6 $1 {><e5 Lukacs: '/\ Nd4' Khalifmans Strategie ist
leicht zu verstehen, er reduziert konsequent den Figurenbestand und läßt keine
Komplikationen zu.} ({Dagegen käme} 14... Bxc2 $6 {Weiß sehr gelegen:} 15. Be3
Nd3 (15... Rc8 16. Bxc5 $1 Rxc5 17. Rac1 b6 (17... O-O 18. Ne4 Rc7 19. Nd6 $16)
18. b4 Rc4 19. Be2 $16) 16. Bxb7 Rb8 17. Be4 Rxb2 18. Bxa7 $14 {^^,o^}) 15.
Bxc6+ {Lukacs: 'The dangerous N has to be eliminated.'} (15. Bf4 Nd4 $11) (15.
Re1 {Lukacs is also answered by} Nd4 16. Be3 Nxf3+ 17. gxf3 Rc8 $11) 15... bxc6
16. b3 {'!' Lukacs. Lukacs: 'in order to activate the B on the a3-f8 /^.'} (16.
b4 {Lukacs} Ne4 $11) (16. Rf2 {Lukacs is simply met by} O-O $142 {and Black
has excellent drawing chances because of the ^-.} (16... h5 $5 {provokes} 17.
h4 O-O-O 18. Be3 Nd7 19. Bxa7 Nxe5 $13 (19... c5 20. b4 cxb4 21. Bd4 {is less
clear.}))) 16... Nd7 $1 (16... Bxc2 $2 17. Ba3 (17. Nh5 $1 {Lukacs} g6 (17...
O-O $2 {loses to the pin after} 18. Ba3) (17... Bg6 18. Nxg7+ Kf8 19. Bh6 {
is not recommended either.}) 18. Nf6+ Kd8 19. Bh6 $1 $18 {with too many
threats.}) 17... Nd3 18. Ne4 $36) (16... h5 $5 {Lukacs is interesting to chase
the N, although on g3 it isn't very impressive either.} 17. Ba3 (17. h4 $2 {
is already met by} Bxc2 {because Nh5 is not possible.}) 17... Nd7 18. c4 (18.
Bd6 h4 $1) 18... h4) 17. c4 a5 $1 (17... Nxe5 $2 18. Bb2 f6 (18... Ng4 {Lukacs}
19. Bxg7 Rg8 20. Bd4 e5 21. Bc5 {and Black's pawns are in four islands.}) 19.
Bxe5 fxe5 20. Rae1 {'+/=' Lukacs. Lukacs: 'with too many P islands for Black.'}
Ke7 21. Rxe5 Rhf8 22. Rxf8 Rxf8 23. Ra5 $16) 18. Ba3 (18. Bb2 a4 (18... Ke7 19.
Rfd1 Rhb8 20. Rd6 c5 21. Rad1 Rb7 $11 {/\a4}) 19. b4 a3 20. Bc3 Nb6 21. Rf4 Rd8
$11) (18. Re1 {Lukacs} a4 19. Ba3 {deserved attention.}) 18... Nxe5 {Führt zu
weiteren Vereinfachungen und einer remislichen Stellung. '!' Lukacs.} (18... c5
$5 19. Rfd1 a4 $11) 19. Bb2 f6 20. Bxe5 fxe5 21. Rae1 {Lukacs: 'Now Black has
got an important a5 tempo to get rid of his weak pawns.'} ({Die Stellung nach} 
21. Rfe1 O-O 22. Rxe5 a4 23. b4 a3 24. Rxe6 Rfb8 $1 25. Rxc6 Rxb4 $11 {/\Rb1,
><a2 war für Weiß trotz des Mehrbauerns wenig erstrebenswert.}) 21... Rf8 22.
Rxe5 Rxf1+ 23. Nxf1 Ke7 $11 24. Nd2 a4 {Lukacs: 'This is the point, now White
has also weaknesses in his plans.' Schwarz wird damit seine letzte
Bauernschwäche los. Der Rest ist leicht zu verstehen.} 25. Kf2 axb3 26. axb3
Kd6 27. Rg5 (27. Nf3 {Lukacs} c5 $1 $11 {blockading the P on the colour of the
B.} (27... Ra3 28. c5+ Kd7 29. Re3 $14 {and the black pawns are on the colour
of the B.}) (27... Ra2+ 28. Kg3 (28. Re2 $2 {is out of question because of}
Rxe2+ 29. Kxe2 Kc5 $1) 28... Rb2 29. c5+ Kd7 30. Re3 $14 {with a good N versus
bad B _|_.})) 27... c5 28. Ke3 Rb8 29. h4 Rb7 30. Ne4+ (30. h5 {Lukacs} Bc2)
30... Bxe4 {Lukacs: 'The R _|_ cannot pose any serious problems for Black to
reach the highly desired draw.'} 31. Kxe4 Rxb3 32. Rxg7 h6 (32... Rc3 {Lukacs}
33. Rxh7 Rxc4+ 34. Ke3 Rc3+ $11 (34... Rg4 35. Kf3)) 33. Rg6 Rc3 34. Rxh6 Rg3 (
34... Rxc4+ {Lukacs}) 35. h5 Rxg2 36. Rh8 Rg4+ 37. Kd3 Rd4+ 38. Kc3 Rh4 39. h6
Rh3+ 40. Kc2 Ke5 {'!' Lukacs.} 41. h7 Ke4 42. Kd2 1/2-1/2

[Event "FIDE-Wch k.o."]
[Site "Las Vegas"]
[Date "1999.08.28"]
[Round "7.6"]
[White "Khalifman, Alexander"]
[Black "Akopian, Vladimir Eduardovic"]
[Result "1/2-1/2"]
[WhiteElo "2628"]
[BlackElo "2646"]
[Annotator "Stohl,I"]
[PlyCount "80"]
[EventDate "1999.07.31"]
[EventType "k.o."]
[EventRounds "7"]
[EventCountry "USA"]
[SourceTitle "CBM 072"]
[Source "ChessBase"]
[SourceDate "1999.10.01"]
[SourceVersion "1"]
[SourceVersionDate "1999.10.01"]
[SourceQuality "1"]

{[%mdl 2] When analyzing this game one has to bear in mind the match
situation-Khalifman was leading and a draw gives him the overall victory in
Las Vegas. So he will try to avoid any unnecessary risk, while Akopiam has to
strive for complications at any cost.} 1. d4 Nf6 2. Nf3 e6 3. c4 c5 4. d5 {
This is objectively better than e.g.} (4. g3 {White doesn't want to make
concessions from the very beginning.}) 4... exd5 5. cxd5 d6 6. Nc3 a6 (6... g6
7. e4 Bg7 ({but more accurate was} 7... a6 $5 {/\} 8. a4 Bg4 $13) 8. h3 O-O 9.
Bd3 {leads to a line in which Black's chances to create confusion are very
slight.}) 7. a4 g6 8. Nd2 $1 {The insertion of a4-a6 in the classical line is
known to favour White.} Nbd7 9. e4 Bg7 10. Be2 (10. Nc4 $5 Nb6 11. Ne3 O-O 12.
Bd3 Re8 13. O-O Rb8 14. Bd2 Nbd7 15. a5 Ne5 16. Be2 g5 17. f3 h6 18. Na4 Ng6
19. Nb6 Nd7 20. Nxc8 Rxc8 21. Nf5 $16 {Ehlvest,J-Barlov,D/Zagreb izt/1987/})
10... O-O 11. O-O Re8 12. Qc2 (12. f4 $1 $36 {is the most ambitious move.})
12... Rb8 13. Ra3 (13. a5 Qe7 14. Ra3 Ne5 15. Re1 Nfg4 16. Nf1 g5 (16... f5
$142 $5 {/\} 17. f4 Nc6 $1 18. Bxg4 Nd4 $13) 17. h3 Nh6 18. Ng3 Ng6 19. Na4 Bd7
20. Nb6 Bb5 21. Bd2 Nf4 22. Bc4 Be5 23. Rf3 Rbd8 24. Be3 Qf8 25. h4 gxh4 26.
Bxf4 Bxf4 27. Rxf4 hxg3 28. Re3 $1 $36 {Miles,A-Koenig,W/Bad Woerishofen/1990/}
) 13... Qe7 (13... b6 14. Kh1 (14. b3 Ne5 15. h3 g5 16. Nc4 g4 17. Nxe5 Rxe5
18. Bf4 Re8 19. hxg4 Nxg4 20. Bxg4 Bxg4 21. Nd1 Qf6 22. Bh2 Qg6 23. f3 Bd4+ 24.
Kh1 Bc8 25. Nc3 f5 $40 {Ivanov,I-Garcia Gonzales,G/Cienfuegos/1980/}) 14... Ne5
15. b3 Rf8 16. Bb2 Nh5 $6 17. Bxh5 gxh5 18. Nd1 f5 19. f4 Ng4 20. Bxg7 Kxg7 21.
Qc3+ Kg8 22. Ra1 Rb7 23. Ne3 Nxe3 24. Qxe3 Rg7 25. Rae1 $14 {Timman,J-Garcia
Gonzales,G/Rio de Janeiro izt/1979/}) (13... Qc7 14. a5 h6 (14... b5 15. axb6
Rxb6 16. f4 Nb8 17. Nc4 Rb4 18. e5 Bf5 19. Qd1 dxe5 20. fxe5 Rxc4 21. d6 Qb7
22. Bxc4 Rxe5 23. Qb3 Qa7 24. Bf4 Re8 25. Nb5 Qd7 26. Nc7 $18 {Guliev,
S-Pueschel,W/Berlin/1998/}) 15. b3 (15. Nc4 $5) 15... g5 16. Bb2 Ne5 17. Nd1
Ng6 18. Bc4 Qe7 19. Nc3 Ng4 20. Raa1 Bd7 21. Ne2 N4e5 22. Ng3 Nf4 23. Rfe1 h5
24. Ngf1 Qf6 25. Rab1 {Bischoff,K-Luther,T/Altensteig/1995/} Qg6 $5 $36 {
[%cal Gg5g4,Gh5h4] >>}) (13... Ne5 $5 $13) 14. h3 $146 (14. a5 {--> Miles-Konig
}) 14... h6 15. a5 g5 16. Nc4 $6 (16. Re1 $142 $5 Ne5 17. Nd1) 16... Ne5 $6 ({
This was a welcome chance for Black:} 16... Nxe4 $142 $1 17. Nxe4 Qxe4 18. Qxe4
Rxe4 19. Bd3 Rd4 20. Be3 (20. Nxd6 Rxd5 21. Nxc8 Rxc8 22. Be4 Rd6 23. Rb3 (23.
Bxb7 $6 Rb8 24. Rb3 c4 25. Rb4 Nc5 26. Be3 Nxb7 27. Ba7 Rbd8 28. Rxb7 R6d7 $19)
23... c4 (23... b5 $5 24. axb6 Rxb6 25. Rxb6 Nxb6 $15) 24. Rxb7 Nc5 $36) 20...
Rxd5 21. Be4 Re5 22. Nxe5 Nxe5 {[%cal Re5c4] /\Nc4} 23. Bd5 (23. b3 Be6 24. Rd1
d5 $1 $15) 23... Be6 $15) 17. Nxe5 (17. Nb6 $1 $14) 17... Qxe5 18. f4 Qd4+ 19.
Kh2 (19. Kh1 $2 Nxe4 $17) 19... b5 (19... Nxe4 $2 20. Ra4 $18) 20. axb6 Rxb6
21. e5 $1 $13 {This typical Benoni break is the best move.} (21. fxg5 hxg5 22.
Bxg5 Nxe4 $36) (21. Bf3 gxf4 22. Ne2 Qb4 23. Nxf4 Nd7 $13 {[%csl Re5] ><e5})
21... dxe5 22. fxg5 hxg5 23. Bxg5 e4 24. Na4 Rd6 25. Rg3 (25. Qxc5 Nxd5 $1 26.
Qxd4 (26. Qxd6 $2 Be5+ $17) 26... Bxd4 27. Nc3 $11) 25... Nxd5 26. Bh5 (26. Rd1
Qe5 27. Qxc5 Rg6 $36) 26... Rf8 (26... Nf6 27. Be2 $142 $1 (27. Be3 Nxh5 $1 (
27... Qe5 $2 28. Bf4) (27... Qd3 $143 28. Qf2) 28. Bxd4 Nxg3 29. Kxg3 (29. Bxg7
Nxf1+ 30. Kg1 e3 $17) 29... cxd4 $40) 27... Nd5 $11 {Black has hardly anything
better than repetition.}) 27. Nc3 Kh8 (27... f5 $2 28. Rd1 Qe5 29. Nxd5 Rxd5
30. Bh6 $18) (27... Be5 28. Bf4+ Kh8 29. Nxd5 Rxd5 30. Bxf7 $1 Be6 31. Bxe5+
Qxe5 32. Qc1 $1 $18) 28. Rxf7 $1 {Although this leads to a very drawish
endgame, objectively it promises somewhat more than the unclear} (28. Nxe4 Be5
29. Nxd6 Bxd6 30. Rxf7 (30. Rff3 Be6 31. Rd3 (31. Kh1 $2 Bxg3 32. Rxg3 Qe5 33.
Qf2 Rg8 34. h4 f6 $19) 31... Qe5 32. Qd2 $13) 30... Rxf7 31. Bxf7 Ne3 $1 (31...
Bxg3+ 32. Kxg3 Qe5+ 33. Kh4 $16) 32. Qe2 (32. Bxe3 $2 Bxg3+ 33. Kxg3 Qxe3+ 34.
Kh2 Qf4+ $17) 32... Bxg3+ 33. Kxg3 Qe5+ 34. Kf2 (34. Bf4 $2 Nf5+ $19) 34...
Qxg5 35. Qxe3 Qf6+ 36. Qf3 Qxb2+ 37. Kg1 Qd4+ $11) 28... Rxf7 29. Bxf7 Be5 (
29... Nb4 $2 30. Qe2 Be5 31. Qh5+ Kg7 32. Bf4+ $18) (29... Nxc3 $143 30. bxc3
Qe5 31. Qe2 Bf5 32. Bc4 $36) 30. Nxd5 Rxd5 (30... Bxg3+ 31. Kxg3 Rxd5 32. Bxd5
Qxd5 33. Qc3+ Kh7 34. Be3 $14 {[%csl Gg2,Gh3,Rh7] עh7,o^g,h.}) 31. Bxd5 Qxd5
32. Qd2 $1 (32. Be3 Qd6 {and the unpinning will take longer.}) 32... Qxd2 (
32... Qd6 33. Qxd6 Bxd6 34. Bh4 e3 35. Kg1 $11) 33. Bxd2 Kh7 34. Bc3 (34. Be1 {
/\Kg1=}) 34... Bf4 35. Be1 e3 36. Kg1 Bxg3 37. Bxg3 a5 (37... Bb7 38. Kf1 $11)
38. Bf4 e2 39. Kf2 Bb7 (39... Ba6 $143 40. Bd6) 40. Kxe2 (40. g3 Bg2 41. h4 Bf3
$11) (40. g4 Bg2 41. h4 Bh3 42. g5 Bg4 $11) ({White isn't interested in
torturing Black anymore with} 40. Bd2 $5 a4 41. g4 Ba6 42. h4 $14) 40... Bxg2
1/2-1/2

[Event "FIDE-Wch k.o. g/15+10"]
[Site "Las Vegas"]
[Date "1999.08.02"]
[Round "1.5"]
[White "Barua, Dibyendu"]
[Black "Khalifman, Alexander"]
[Result "1/2-1/2"]
[WhiteElo "2550"]
[BlackElo "2628"]
[Annotator "Tsesarsky,I"]
[PlyCount "98"]
[EventDate "1999.07.31"]
[EventType "k.o. (rapid)"]
[EventRounds "5"]
[EventCountry "USA"]
[SourceTitle "CBM 072"]
[Source "ChessBase"]
[SourceDate "1999.10.01"]
[SourceVersion "1"]
[SourceVersionDate "1999.10.01"]
[SourceQuality "1"]

1. e4 c5 2. Nf3 d6 3. d4 cxd4 4. Nxd4 Nf6 5. Nc3 Nc6 6. Be2 e5 7. Nf3 h6 8. O-O
Be7 9. Re1 O-O 10. h3 Be6 11. Bf1 Qa5 12. Bd2 Qd8 13. Bc1 (13. Na4 Nh7 (13...
d5 14. exd5 Qxd5 (14... Nxd5 15. Nxe5 Nxe5 16. Rxe5 Bf6 (16... Qc7 17. Re1 Rfd8
18. Bd3 Nf4 19. Bxf4 Qxf4 20. Re4 $14) 17. Re1 Rc8 18. Rc1 (18. c4 Nb6 19. Nxb6
Qxb6 $44) 18... Bf5 (18... Nb6 19. Nxb6 Qxb6 20. b3 Rfd8 21. Bd3 $16) 19. b3 (
19. c4 Nb6 20. Nxb6 Qxb6 21. Qf3 Qxb2 (21... Bg6 22. b3 $16) 22. Bxh6 Bg6 23.
Be3 $16) 19... Nb6 20. Nxb6 Qxb6 21. Qf3 $16 {1-0 Psakhis,L-Greenfeld,A/ISR-ch
Jerusalem ,CBM 1996/ (45)} (21. Bd3 Bxd3 22. cxd3 $14)) 15. c4 Qd7 (15... Qd6
16. Bc3 Nd7 17. Qxd6 Bxd6 18. Rad1 Bc7 19. b4 a6 20. Nb2 Rfd8 21. a4 f6 22. c5
Ne7 23. a5 $14 {0-1 Jun Xie-Joseliani/6. Partie, SW 1993 (58)}) 16. Be3 e4 17.
Nd2 Ne5 18. Qc2 Rfc8 19. Red1 Qc6 20. Nc3 {1/2-1/2 Sagalchik,G-Ryskin,A/
Byelorussia 1987 (20)}) 14. c4 Ng5 (14... f5 15. exf5 (15. Nc3 f4 16. Nd5 Rc8
17. Bc3 $14) 15... Bxf5 16. Nc3 Bg5 17. Ne4 (17. Bxg5 Nxg5 18. Nxg5 Qxg5 19.
Qd5+ Kh8 20. Re3 $14) 17... Bxd2 18. Qxd2 Bxh3 (18... Bxe4 19. Rxe4 Nf6 20.
Ree1 $14) 19. Qxd6 (19. Nxd6 Nd4 (19... Qf6 20. Nxb7 $16) 20. Nxd4 Qxd6 21. Nf3
Qxd2 22. Nxd2 $16) 19... Qe8 20. Nxe5 (20. Ng3 Qf7 $11 {1-0 Krupkova,P-Grabics,
M/WchJW-U16 Duisburg 1992 (41)}) 20... Nxe5 21. Qd5+ Be6 22. Qxe5 Qf7 $16) 15.
Bxg5 (15. Nxg5 Bxg5 16. Nc3 a6 17. Be3 Bxe3 18. Rxe3 Rc8 19. Rc1 Nd4 20. b3 Qa5
$11 {1/2-1/2 Vasiukov,E-Lerner,K/Novi Sad ,EXT 1988 (42)}) 15... hxg5 16. Nc3
Bf6 (16... g4 17. hxg4 Bxg4 18. Be2 Be6 19. Nd5 $14) 17. Qd3 g4 18. hxg4 Bxg4
19. Nd5 g6 20. Be2 (20. Rad1 Bg7 21. Be2 $14) 20... Bg7 21. b4 Be6 22. a3 Rc8 (
22... Ne7 23. Ng5 Nxd5 24. Nxe6 fxe6 25. exd5 exd5 26. Qxd5+ Rf7 27. Bg4 (27.
Rad1 Qf6 28. Bf3 Rd8 29. Re2 $16) 27... Qf6 28. Re2 Kh7 29. Rd1 $16) 23. Rad1
Nd4 (23... Re8 24. Rc1 $14 (24. g3 $14)) 24. Nxd4 exd4 25. Bf3 $14 {Barua -
Khalifman FIDE Wch k. o. g/25 rapid 1999 1:0 (43)} (25. Qg3 $5 Be5 26. f4 Bg7
27. Bd3 Re8 28. Kh2 Qd7 29. Qg5 Bxd5 30. Qxd5 Qg4 31. g3 Rc6 32. Kg2 $14)) (13.
b3 d5 14. exd5 Nxd5 15. Nxd5 Qxd5 16. c4 Qd6 17. Bc3 Qxd1 18. Raxd1 f6 $11)
13... Qa5 14. Bd2 Qd8 15. Na4 Nh7 (15... d5 16. exd5 Qxd5 17. c4 Qd6 18. Bc3
Nd7 (18... e4 19. Bxf6 Qxd1 20. Raxd1 Bxf6 21. Rxe4 Bf5 22. Re2 Rad8 $44) 19.
Qb3 Qc7 20. Rad1 $11) (15... Nh5 16. c4 Nf4 17. Nc3 g5 18. Nd5 Qd7 19. Nh2 $16
{1-0 Asrian Karen-Mukhametov Eldar/Cup Russia (open) Moscow (Russia) (5) 1996 
(39)}) (15... Na5 16. b3 Bd7 17. Nc3 (17. Nb2 Nc6 18. c4 $14) 17... a6 18. b4
Nc6 19. Nd5 Nxd5 20. exd5 Nd4 21. Nxd4 (21. c4 $2 Nxf3+ 22. Qxf3 b5 23. a4 bxc4
24. Bxc4 $132 {1/2-1/2 Glek,I-Lobron,E/Bern op 1994 (73)}) 21... exd4 22. Bd3
Bb5 (22... Bg5 23. Qc1 Bxd2 24. Qxd2 Qf6 25. Re4 Rfe8 26. Rxd4 Re7 27. Qf4 Qxf4
28. Rxf4 $16) 23. Bxb5 axb5 24. Qe2 $16) 16. c4 Ng5 17. Nc3 $6 $146 (17. Bxg5 {
- 15. Bg5 - Barua-Khalifman...1999}) 17... Nxf3+ 18. Qxf3 Bg5 $11 (18... Nd4
19. Qd1 Bg5 $11) 19. Rad1 Nd4 20. Qd3 Rc8 21. b3 (21. Nd5 Bxd2 22. Rxd2 f5 23.
Kh1 (23. exf5 Bxd5 24. cxd5 Rxf5 25. Be2 h5 26. Qe4 Qa5 27. Red1 Rcf8 28. Bc4
b5 29. Bb3 $11) 23... fxe4 $11 (23... f4 $5 $132)) 21... Bxd2 22. Rxd2 Qg5 (
22... f5 $11) 23. Red1 Rfd8 24. Qe3 (24. Ne2 Nxe2+ (24... Nc6 $11) 25. Bxe2 Rc6
26. Qf3 b6 $11) 24... Qe7 (24... Qxe3 25. fxe3 Nc6 26. Nb5 $16) 25. f4 Bd7 (
25... f6 $11) 26. Nd5 Qf8 27. Qg3 exf4 $2 $16 (27... f6 28. Rf2 Kh8 29. Be2 $14
) 28. Nxf4 {[%csl Rd4,Rd6]} Ne6 29. Rxd6 Nxf4 (29... Nc5 30. Qe3 Qe7 31. b4
Nxe4 32. Rxd7 Rxd7 33. Rxd7 Qxd7 34. Qxe4 Re8 35. Qd3 $16) 30. Qxf4 Bc6 31. e5
Re8 32. Bd3 Qe7 33. Bf5 Ra8 34. e6 fxe6 (34... Kh8 35. b4 $16) 35. Bxe6+ Qxe6 (
35... Kh8 36. Bd7 $16) 36. Rxe6 Rxe6 37. Rd6 Re1+ 38. Kh2 Rf8 39. Qd2 (39. Qd4
Re2 40. Rg6 Rf7 41. Qxa7 $18) 39... Rff1 40. Rxc6 (40. Rd8+ Kh7 41. Qc3 Rg1 42.
Rd2 $16) 40... bxc6 41. Qd7 h5 42. h4 $4 $44 {How lucky is A. Khalifman - the
new "World champion". It is not so simply to find the way - as n o t to win
this winning position...} (42. Qxc6 Rf7 (42... h4 43. Qd5+ Kf8 (43... Kh7 44.
Qh5+ $18) 44. Qd8+ $18) 43. Qd6 $18) 42... Re4 $1 43. Qd8+ (43. Qxc6 Rxh4+ 44.
Kg3 Rg4+ 45. Kh2 Rh4+ $11) 43... Kh7 44. Qg5 g6 45. Qd8 Rff4 46. Qd7+ (46. g3
Rf2+ 47. Kg1 Rxa2 $11 {[%csl Rg1]}) 46... Kh6 47. Qd2 Kh7 48. Qd7+ Kh6 49. Qd2
Kh7 1/2-1/2